| 000 | 00625nam a2200205 i 4500 | ||
|---|---|---|---|
| 001 | 56357 | ||
| 003 | ES-MaACL | ||
| 005 | 20230906163339.0 | ||
| 007 | t| | ||
| 008 | 031008s1958 sp d ||||1| spa d | ||
| 080 | _a62/69(038)=111=134.2 | ||
| 245 | 0 | 0 | _aDiccionario politécnico de las lenguas española e inglesa. |
| 250 | _a1ª ed. | ||
| 260 |
_aMadrid : _bCastilla, _c1958. |
||
| 300 |
_a2 v. ; _c25 cm. |
||
| 650 | 4 |
_aTecnología- _vDiccionarios. _917402 |
|
| 650 | 4 |
_aLengua inglesa- _vDiccionarios- _xEspañol. _914270 |
|
| 650 | 4 |
_aLengua española- _vDiccionarios- _xInglés. _914142 |
|
| 852 | 4 |
_aES-MaACL _jC-14320-21 |
|
| 999 |
_c56357 _d56357 |
||